Bharat Ka Sanvidhan (Record no. 394918)

MARC details
000 -LEADER
fixed length control field 00323 a2200133 4500
000 - LEADER
fixed length control field nam a22 7a 4500
100 ## - MAIN ENTRY--PERSONAL NAME
Personal name Saxena, Ashok
110 ## - MAIN ENTRY--CORPORATE NAME
Corporate name or jurisdiction name as entry element Saxena, Ashok
245 ## - TITLE STATEMENT
Title Bharat Ka Sanvidhan
250 ## - EDITION STATEMENT
Edition statement Latest edition
260 ## - PUBLICATION, DISTRIBUTION, ETC.
Name of publisher, distributor, etc. Shivank Prakashan
Date of publication, distribution, etc. 2026
264 ## - PRODUCTION, PUBLICATION, DISTRIBUTION, MANUFACTURE, AND COPYRIGHT NOTICE
Name of producer, publisher, distributor, manufacturer Shivank Prakashan
Date of production, publication, distribution, manufacture, or copyright notice 2026
942 ## - ADDED ENTRY ELEMENTS (KOHA)
Koha item type Books
Holdings
Date last seen Total checkouts Barcode Cost, replacement price Price effective from Koha item type Lost status Source of classification or shelving scheme Damaged status Not for loan Withdrawn status Home library Current library Date acquired Source of acquisition Cost, normal purchase price
06/01/2026   444185 1550.00 06/01/2026 Books   Dewey Decimal Classification       VIVEKANANDA LIBRARY VIVEKANANDA LIBRARY 06/01/2026 1026 1162.50
06/01/2026   444184 1550.00 06/01/2026 Books   Dewey Decimal Classification       VIVEKANANDA LIBRARY VIVEKANANDA LIBRARY 06/01/2026 1026 1162.50
© Designed and Maintained by Vivekananda Library, MDU Rohtak